Memòria de la Presidència als Srs. Consellers
Descripción Física:
23 p. ; 24 cm
Otros Autores:
Masnou. Ajuntament
MARC
| LEADER | 00000nam a2200000Ia 4500 | ||
|---|---|---|---|
| 001 | 20190 | ||
| 008 | 160829s1931 xx 000 0 cat d | ||
| 080 | |a 4142, exp. 178 | ||
| 245 | |a Memòria de la Presidència als Srs. Consellers | ||
| 260 | |a Barcelona : |b Bosch, |c 1931 | ||
| 300 | |a 23 p. ; |c 24 cm | ||
| 590 | |a A la part superior de la portada: La Gestió del municipi de Masnou | ||
| 650 | |a Municipis |x Govern i administració |x Masnou |9 48334 | ||
| 700 | |a Masnou. Ajuntament | ||
| 901 | |a Arxiu | ||
| 942 | |n 1 | ||
| 952 | |0 0 |1 0 |4 0 |6 4142_EXP_178 |7 1 |9 54475 |a Arxiu |b Arxiu |d 2016-12-01 |l 0 |o 4142, exp. 178 |p 20190 |r 2016-12-01 00:00:00 |w 2016-12-01 |y ARXIU | ||
| 999 | |c 58344 |d 58344 | ||